00251nam a2200097Ia 4500008004100000041000800041082001200049100002400061245003000085260003800115230511s1964 xx 000 0 und d aeng a348.041 aRatanlal Ranchodas  aBombay Law Repoter 1964  aMumbaibBombay Law Reporterc1964